<?xml version="1.0" encoding="UTF-8"?>
<collection xmlns="http://www.loc.gov/MARC21/slim">
  <record>
    <leader>00000nam  2200000   4500</leader>
    <controlfield tag="001">INLIS000000000003540</controlfield>
    <controlfield tag="005">20250317013058</controlfield>
    <datafield tag="035" ind1="#" ind2="#">
      <subfield code="a">0010-0325000256</subfield>
    </datafield>
    <controlfield tag="007">ta</controlfield>
    <controlfield tag="008">250317################g##########e#ind##</controlfield>
    <datafield tag="082" ind1="#" ind2="#">
      <subfield code="a">362.12</subfield>
    </datafield>
    <datafield tag="084" ind1="#" ind2="#">
      <subfield code="a">362.12 BKK p</subfield>
    </datafield>
    <datafield tag="245" ind1="1" ind2="#">
      <subfield code="a">Pedoman Pendamping Kelompok UPKKS Oleh Lembaga Pengembangan Swadaya Masyarakat (LPSM) /</subfield>
      <subfield code="c">BKKBN</subfield>
    </datafield>
    <datafield tag="260" ind1="#" ind2="#">
      <subfield code="a">Jakarta :</subfield>
      <subfield code="b">BKKBN,</subfield>
      <subfield code="c">2000</subfield>
    </datafield>
    <datafield tag="300" ind1="#" ind2="#">
      <subfield code="a">iii, 30 ;</subfield>
      <subfield code="c">15,3 cm</subfield>
    </datafield>
    <datafield tag="650" ind1="#" ind2="4">
      <subfield code="a">Keluarga Berencana</subfield>
    </datafield>
    <datafield tag="110" ind1=" " ind2="#">
      <subfield code="a">BKKBN</subfield>
    </datafield>
    <datafield tag="520" ind1="#" ind2="#">
      <subfield code="a">Buku ini berisi tentang Pedoman Pendamping Kelompok UPKKS Oleh Lembaga Pengembangan Swadaya Masyarakat (LPSM)</subfield>
    </datafield>
    <datafield tag="856" ind1="#" ind2="#">
      <subfield code="a">Perpustakaan UPT Balai Diklat KKB Jember</subfield>
    </datafield>
  </record>
</collection>
